[Event "98th ch-GBR"]
[Site "Sheffield ENG"]
[Date "2011.07.27"]
[Round "3"]
[White "Eggleston,D"]
[Black "Coates,D"]
[Result "1/2-1/2"]
[WhiteElo "2318"]
[BlackElo "2080"]
[EventDate "2011.07.25"]

1. e4 e6 2. d4 d5 3. Nc3 Bb4 4. e5 c5 5. a3 Bxc3+ 6. bxc3 Ne7 7. Qg4 O-O 8.
Bd3 Nbc6 9. Qh5 Ng6 10. Nf3 Qc7 11. Be3 c4 12. Bxg6 fxg6 13. Qg4 Bd7 14. h4
Rf5 15. Ng1 Raf8 16. Ne2 Ne7 17. Ng3 h5 18. Qh3 R5f7 19. Ne2 Nf5 20. Bg5
Nh6 21. f3 b5 22. Rf1 a5 23. Bxh6 gxh6 24. g4 Qc8 25. gxh5 gxh5 26. Rg1+
Kh7 27. Qg3 Rg8 28. Qxg8+ Qxg8 29. Rxg8 Kxg8 30. Kf2 Be8 31. Ke3 Rb7 32.
Ng3 Bg6 33. f4 Bxc2 34. Nxh5 Kf8 35. Nf6 b4 36. axb4 axb4 37. Ra8+ Kg7 38.
Ne8+ Kh7 39. Nf6+ Kg7 40. Ne8+ 1/2-1/2

[Event "98th ch-GBR"]
[Site "Sheffield ENG"]
[Date "2011.07.27"]
[Round "3"]
[White "Beaumont,C"]
[Black "De Coverly,R"]
[Result "1-0"]
[WhiteElo "2313"]
[BlackElo "2080"]
[EventDate "2011.07.25"]

1. c4 e5 2. g3 c6 3. d4 e4 4. Bg2 f5 5. Nc3 Nf6 6. Nh3 Be7 7. O-O O-O 8. f3
d5 9. cxd5 cxd5 10. Bg5 Na6 11. Nf4 Nc7 12. Qb3 Kh8 13. Rfd1 Ne6 14. Nxe6
Bxe6 15. Qxb7 Rb8 16. Qxa7 Ra8 17. Qb7 Rb8 18. Qa6 Bc8 19. Qa4 Rxb2 20.
Rab1 Rxb1 21. Rxb1 h6 22. Bf4 Bd6 23. Bxd6 Qxd6 24. Qb4 Qxb4 25. Rxb4 Ba6
26. Ra4 Bc4 27. fxe4 fxe4 28. Nxe4 Nxe4 29. Bxe4 Bxa2 30. Rxa2 dxe4 31. Ra5
Rd8 32. d5 Kh7 33. Kf2 Kg6 34. Ke3 Kf5 35. Kd4 Rd6 36. Ra1 e3 37. h3 Kf6
38. Ra3 Rb6 39. Rxe3 Rb1 40. d6 1-0

[Event "98th ch-GBR"]
[Site "Sheffield ENG"]
[Date "2011.07.27"]
[Round "3"]
[White "Waterfield,J"]
[Black "Ledger,D"]
[Result "1/2-1/2"]
[WhiteElo "1992"]
[BlackElo "2277"]
[EventDate "2011.07.25"]

1. e4 e5 2. Nf3 Nc6 3. Nc3 Nf6 4. d4 exd4 5. Nxd4 Bb4 6. Nxc6 bxc6 7. Bd3
d5 8. exd5 cxd5 9. O-O O-O 10. Bg5 c6 11. Na4 Bd6 12. Re1 Rb8 13. c4 Be6
14. Rc1 h6 15. cxd5 Bxd5 16. Bxf6 Qxf6 17. Bc4 Bf4 18. Rc2 Rfd8 19. Qe2 Rb4
20. Bxd5 cxd5 21. Nc5 Bd6 22. a3 Rbb8 23. b4 g6 24. g3 Kg7 25. Qa6 Qf5 26.
Rec1 Be5 27. Qd3 Qf6 28. Na6 Rb6 29. b5 Rdd6 30. Nb4 h5 31. a4 h4 32. a5
Rb8 33. Rc8 Rxc8 34. Rxc8 Qe6 35. Rc7 h3 36. Rxa7 Bxg3 37. fxg3 Qe1+ 38.
Qf1 Qe3+ 39. Qf2 Qc1+ 40. Qf1 Qe3+ 41. Qf2 Qc1+ 1/2-1/2

[Event "98th ch-GBR"]
[Site "Sheffield ENG"]
[Date "2011.07.27"]
[Round "3"]
[White "Ross,C"]
[Black "Rabbitte,L"]
[Result "1-0"]
[WhiteElo "2234"]
[BlackElo "2034"]
[EventDate "2011.07.25"]

1. e4 c6 2. d4 g6 3. Nc3 d6 4. Be3 Bg7 5. Qd2 Nd7 6. h4 h5 7. f3 Ngf6 8.
Nh3 b5 9. O-O-O Nb6 10. Bd3 Nc4 11. Bxc4 bxc4 12. e5 Nd5 13. Nxd5 cxd5 14.
Nf4 dxe5 15. dxe5 Bxe5 16. Bd4 Bxf4 17. Qxf4 Rh7 18. Rhe1 Be6 19. Re3 a5
20. Rde1 Ra6 21. Qg5 Kd7 22. Bc3 Rd6 23. Qf4 f6 24. Qd4 Qc7 25. a3 Bg8 26.
f4 Be6 27. Rxe6 Rxe6 28. Qxd5+ Rd6 29. Qg8 1-0

[Event "98th ch-GBR"]
[Site "Sheffield ENG"]
[Date "2011.07.27"]
[Round "3"]
[White "Surtees,M"]
[Black "Krzyzanowski,P"]
[Result "0-1"]
[WhiteElo "2151"]
[BlackElo "1996"]
[EventDate "2011.07.25"]

1. e4 c5 2. c3 g6 3. h4 d5 4. f3 Qd6 5. Nh3 Qg3+ 6. Nf2 dxe4 7. fxe4 Nf6 8.
Qf3 Qc7 9. d3 Bg7 10. Na3 a6 11. Bf4 e5 12. Bg5 Nbd7 13. g3 h6 14. Bd2 Nf8
15. Nc2 Be6 16. Ne3 Qb6 17. Bc1 O-O-O 18. b3 Qa5 19. Bb2 h5 20. Ke2 Ng4 21.
Nfxg4 hxg4 22. Nxg4 Nd7 23. Nf2 Rdf8 24. Bh3 f5 25. Qg2 Nf6 26. c4 Nd7 27.
Rhc1 Nb8 28. Bc3 Qd8 29. Rh1 Nc6 30. Kd2 Nd4 31. Bxd4 Qxd4 32. Kc2 Bd7 33.
Rhe1 Bc6 34. Qg1 Kb8 35. Rad1 Rf7 36. Re2 Rd8 37. Qe1 b5 38. Qc3 Qd6 39. a3
Rh8 40. Kb1 f4 41. Rg1 fxg3 42. Rxg3 Rxh4 43. cxb5 Bxb5 44. a4 Be8 45. Nd1
Rb7 46. Nb2 Bh6 47. Nc4 Qf6 48. Ka2 Bf4 49. Rf3 g5 50. Bf5 Bh5 51. Rxf4
Rxf4 52. Rc2 Bf7 53. Na5 Rc7 54. Kb2 Qb6 55. Rg2 Qb4 56. Rh2 Rh4 57. Rg2
Rh1 58. Rc2 Qxc3+ 59. Kxc3 Ka7 60. Rg2 Kb6 61. Nc4+ Bxc4 62. Kxc4 Kc6 63.
Kc3 Rg7 64. Bc8 a5 65. Be6 Rc1+ 66. Kb2 Rf1 67. Kc2 Kd6 68. Bf5 Rf4 69. Bg4
Rh7 70. Bf5 Rg7 71. Bg4 Ke7 72. Kc3 Kf6 73. Kc4 Rb7 74. Kc3 Rb4 75. Kc2 Kg6
76. Kc3 Rf1 77. Kb2 Rd4 78. Kc2 Rf8 79. Kc3 Rf6 80. Kc2 Rf4 81. Be2 Rd7 82.
Bd1 Rdf7 83. Rg3 Rf2+ 84. Kc3 Rd7 85. Bg4 Rd4 86. Be6 Rh2 87. Bg4 Rb4 88.
Rg1 Rh4 89. Bd7 Kh5 90. Be8+ Kh6 91. Bd7 Rb7 92. Bg4 Rb4 93. Bd7 Rd4 94.
Bg4 Rxg4 95. Rxg4 Kh5 96. Rg1 g4 97. Kd2 Rb4 98. Rc1 Rxb3 99. Rxc5 g3 100.
Rxe5+ Kg4 101. Rxa5 Rb1 102. Ra8 g2 103. Rg8+ Kf4 104. Kc3 g1=Q 105. Rxg1
Rxg1 106. a5 Ke5 107. Kc4 Kd6 108. d4 Rc1+ 109. Kb5 Rb1+ 110. Kc4 Kc6 111.
a6 Rb6 112. d5+ Kd6 113. a7 Ra6 114. e5+ Kxe5 115. Kc5 Rxa7 116. Kc6 Ra6+
117. Kb5 Rd6 0-1

[Event "98th ch-GBR"]
[Site "Sheffield ENG"]
[Date "2011.07.27"]
[Round "3"]
[White "Dines,S"]
[Black "MacQueen,C"]
[Result "0-1"]
[WhiteElo "1889"]
[BlackElo "2139"]
[EventDate "2011.07.25"]

1. e4 c5 2. f4 d5 3. exd5 Nf6 4. Nc3 Nxd5 5. Bb5+ Bd7 6. Bxd7+ Qxd7 7. d4
e6 8. Nf3 cxd4 9. Nxd5 Qxd5 10. Qxd4 Qa5+ 11. Bd2 Qc7 12. Qc3 Nc6 13. a3
O-O-O 14. O-O-O Rg8 15. Be3 Be7 16. Rxd8+ Bxd8 17. Rd1 Bf6 18. Qc5 a6 19.
Nd4 Bxd4 20. Bxd4 Qxf4+ 21. Be3 Qxh2 22. Rf1 f6 23. Bf4 Qxg2 24. Rd1 Qg4
25. Be3 Qf5 0-1

[Event "98th ch-GBR"]
[Site "Sheffield ENG"]
[Date "2011.07.27"]
[Round "3"]
[White "Almond,R"]
[Black "Phillips,O"]
[Result "1/2-1/2"]
[WhiteElo "2121"]
[BlackElo "1967"]
[EventDate "2011.07.25"]

1. d4 Nf6 2. Nf3 g6 3. c4 c5 4. d5 d6 5. Nc3 Bg7 6. e4 a6 7. Be2 O-O 8. O-O
Nbd7 9. h3 Ne5 10. Nh2 b5 11. cxb5 Qb6 12. a4 axb5 13. Bxb5 Bd7 14. Qe2
Bxb5 15. Nxb5 Rfb8 16. Ng4 Nfxg4 17. hxg4 c4 18. Be3 Qa5 19. Bd4 Nd3 20.
Bxg7 Kxg7 21. b3 Qb4 22. bxc4 Ne5 23. Rfb1 Qxc4 24. Qxc4 Nxc4 25. Rb4 Ne5
26. f3 Nd3 27. Rbb1 Ra5 28. Rd1 Nb2 29. Rdb1 Rxa4 30. Rxa4 Nxa4 31. Nc3
1/2-1/2

[Event "98th ch-GBR"]
[Site "Sheffield ENG"]
[Date "2011.07.27"]
[Round "3"]
[White "Magee,Ronan"]
[Black "French,A"]
[Result "1-0"]
[WhiteElo "1953"]
[BlackElo "2103"]
[EventDate "2011.07.25"]

1. e4 Nf6 2. e5 Nd5 3. d4 d6 4. Nf3 Bg4 5. Be2 c6 6. c4 Nb6 7. exd6 exd6 8.
Nbd2 Be7 9. O-O O-O 10. Qc2 d5 11. c5 N6d7 12. Nb3 Nf6 13. Bf4 Nbd7 14.
Rfe1 Re8 15. Nbd2 Nf8 16. b4 Ng6 17. Bg3 Nh5 18. a4 Ngf4 19. Bf1 Nxg3 20.
hxg3 Ne6 21. Qc3 Bf5 22. b5 Bf6 23. Ne5 Qc7 24. f4 Bxe5 25. Rxe5 g6 26. a5
Qd7 27. a6 cxb5 28. Qb4 bxa6 29. Rxa6 Nc7 30. Rd6 Qc8 31. Qa5 Rxe5 32. fxe5
Bd7 33. c6 Be6 34. Bxb5 a6 35. Ba4 Rb8 36. Nb3 h5 37. Nc5 Bg4 38. Nb7 Ne6
39. Rd7 Kg7 40. Qxd5 Qf8 41. Qd6 Rc8 42. d5 Nd4 43. Qf6+ Kg8 44. e6 Bxe6
45. Qxd4 1-0

[Event "98th ch-GBR"]
[Site "Sheffield ENG"]
[Date "2011.07.27"]
[Round "3"]
[White "Farrall,D"]
[Black "Yurenok,M"]
[Result "0-1"]
[WhiteElo "1869"]
[BlackElo "2090"]
[EventDate "2011.07.25"]

1. d4 d5 2. Bg5 c6 3. Nf3 Bf5 4. e3 Nd7 5. Bd3 Bxd3 6. Qxd3 Ngf6 7. Nbd2
Qb6 8. O-O h6 9. Bf4 e6 10. b3 Be7 11. c4 Qa6 12. e4 dxe4 13. Nxe4 Nxe4 14.
Qxe4 Nf6 15. Qe5 Rd8 16. Qe3 O-O 17. Ne5 Nh5 18. Bg3 Nxg3 19. hxg3 Bf6 20.
Rfd1 Qb6 21. Kh2 Qc7 22. f4 b6 23. Qe4 Rd6 24. Ng4 Qe7 25. Nxf6+ Qxf6 26.
Qe5 Rfd8 27. Qxf6 gxf6 28. Kh3 Rxd4 29. Rxd4 Rxd4 30. a4 c5 31. a5 Rd3 32.
axb6 axb6 0-1

[Event "98th ch-GBR"]
[Site "Sheffield ENG"]
[Date "2011.07.27"]
[Round "3"]
[White "Haria,R"]
[Black "Hewitt,S"]
[Result "1/2-1/2"]
[WhiteElo "2073"]
[BlackElo "1902"]
[EventDate "2011.07.25"]

1. e4 e5 2. Nf3 Nc6 3. Bb5 a6 4. Ba4 Nf6 5. O-O Be7 6. Re1 b5 7. Bb3 O-O 8.
h3 d6 9. c3 Na5 10. Bc2 c5 11. d4 Qc7 12. Nbd2 Nc6 13. d5 Nd8 14. a4 Rb8
15. b4 c4 16. axb5 axb5 17. Nf1 Ne8 18. Ng3 g6 19. Nh2 Ng7 20. Bh6 f6 21.
Ng4 Nf7 22. Be3 Bxg4 23. hxg4 Ra8 24. Qc1 Qd7 1/2-1/2

[Event "98th ch-GBR"]
[Site "Sheffield ENG"]
[Date "2011.07.28"]
[Round "4"]
[White "Howell,D"]
[Black "Gordon,S"]
[Result "1-0"]
[WhiteElo "2625"]
[BlackElo "2533"]
[EventDate "2011.07.25"]

1. c4 Nf6 2. Nc3 e5 3. Nf3 Nc6 4. g3 Nd4 5. Bg2 Nxf3+ 6. Bxf3 Bb4 7. Qb3
Bc5 8. d3 O-O 9. g4 d6 10. g5 Nd7 11. h4 c6 12. Na4 a5 13. Nxc5 Nxc5 14.
Qc3 Ne6 15. Be3 f5 16. gxf6 Qxf6 17. O-O-O Nd4 18. Bxd4 exd4 19. Qd2 Be6
20. Qg5 d5 21. cxd5 Qxg5+ 22. hxg5 Rxf3 23. exf3 Bxd5 24. Rde1 Rf8 25. Re7
b5 26. Rhe1 Bxa2 27. Ra7 Rxf3 28. Ree7 Rxf2 29. Rxg7+ Kf8 30. Rxh7 Kg8 31.
g6 a4 32. Rhg7+ Kh8 33. Rgc7 Rf1+ 34. Kd2 Kg8 35. Rxc6 1-0

[Event "98th ch-GBR"]
[Site "Sheffield ENG"]
[Date "2011.07.28"]
[Round "4"]
[White "Short,N"]
[Black "Conquest,S"]
[Result "1-0"]
[WhiteElo "2687"]
[BlackElo "2519"]
[EventDate "2011.07.25"]

1. e4 c5 2. Nf3 g6 3. d4 Bg7 4. d5 d6 5. Nc3 Bg4 6. Be2 Nd7 7. O-O Ngf6 8.
a4 O-O 9. Re1 Rb8 10. h3 Bxf3 11. Bxf3 Ne8 12. Be2 a6 13. Ra2 Nc7 14. a5 b5
15. axb6 Rxb6 16. Nb1 e6 17. Nd2 exd5 18. exd5 Ne5 19. Nf1 f5 20. f4 Nd7
21. c3 Nf6 22. Bf3 Qd7 23. Ne3 Re8 24. Nc4 Rxe1+ 25. Qxe1 Rb8 26. Qd1 Re8
27. Na5 h5 28. Nc6 Ne4 29. c4 Bf6 30. Ra3 Bh4 31. Be3 Qg7 32. Rb3 Nf6 33.
Bd2 Ne4 34. Ba5 Rf8 35. Bxe4 fxe4 36. Qe2 Ne8 37. Qxe4 Kh7 38. Bd2 Bf6 39.
Bc1 Qf7 40. Rb8 Ng7 41. Rxf8 Qxf8 42. g4 Qc8 43. Qf3 Qb7 44. b3 a5 45. gxh5
gxh5 46. Qd3+ Kg8 47. Bd2 Qd7 48. Qg6 Qf5 49. Qxf5 Nxf5 50. Kf2 Kf7 51.
Bxa5 Ke8 52. Kf3 Kf7 53. b4 cxb4 54. Bxb4 Ke8 55. Be1 Kd7 56. Ke4 Nh6 57.
Bf2 1-0

[Event "98th ch-GBR"]
[Site "Sheffield ENG"]
[Date "2011.07.28"]
[Round "4"]
[White "Nelson,Jo"]
[Black "Hebden,M"]
[Result "1/2-1/2"]
[WhiteElo "2204"]
[BlackElo "2533"]
[EventDate "2011.07.25"]

1. e4 e5 2. Nf3 Nc6 3. Bc4 Nf6 4. d3 Be7 5. O-O O-O 6. Bb3 d6 7. c3 Na5 8.
Bc2 c5 9. a3 Nc6 10. b4 a6 11. Re1 Re8 12. Nbd2 Bf8 13. Bb2 b5 14. d4 c4
15. d5 Ne7 16. a4 Bd7 17. Nf1 g6 18. Ng3 Bh6 19. Bc1 Bxc1 20. Qxc1 Kg7 21.
h3 h6 22. Qe3 a5 23. axb5 Bxb5 24. Ba4 Bxa4 25. Rxa4 axb4 26. Rxb4 Nexd5
27. exd5 Nxd5 28. Qd2 Nxb4 29. cxb4 Qb6 30. Ne4 Red8 31. Rb1 d5 32. Nc5 f6
33. Qc2 Re8 34. h4 h5 35. Nh2 Re7 36. g4 hxg4 37. Nxg4 Rh8 38. Ne3 Qc6 39.
Ng2 Qc8 40. Rd1 Qg8 41. f4 d4 42. fxe5 fxe5 43. Qe4 Qa8 44. Qg4 Qc6 45. Ra1
Ra8 46. Rxa8 Qxa8 47. h5 Qc6 48. Nh4 Ra7 49. Ne6+ Kh8 50. Nxg6+ Kh7 51.
Ngf8+ Kh8 52. Ng6+ 1/2-1/2

[Event "98th ch-GBR"]
[Site "Sheffield ENG"]
[Date "2011.07.28"]
[Round "4"]
[White "Gormally,D"]
[Black "Britton,R"]
[Result "1/2-1/2"]
[WhiteElo "2519"]
[BlackElo "2203"]
[EventDate "2011.07.25"]

1. e4 c5 2. Nf3 d6 3. c3 Nf6 4. Be2 Nbd7 5. d3 g6 6. O-O Bg7 7. Nbd2 O-O 8.
d4 Qc7 9. b3 b6 10. Bb2 Bb7 11. Re1 Nxe4 12. Nxe4 Bxe4 13. Bf1 Bxf3 14.
Qxf3 e6 1/2-1/2

[Event "98th ch-GBR"]
[Site "Sheffield ENG"]
[Date "2011.07.28"]
[Round "4"]
[White "Boyd,J"]
[Black "Wells,P"]
[Result "0-1"]
[WhiteElo "2200"]
[BlackElo "2489"]
[EventDate "2011.07.25"]

1. e4 c5 2. Nc3 Nc6 3. g3 g6 4. Bg2 Bg7 5. d3 d6 6. f4 e6 7. Nf3 Nge7 8.
O-O O-O 9. Qe1 Nd4 10. Qf2 Bd7 11. h4 Nxf3+ 12. Bxf3 d5 13. h5 Bd4 14. Be3
Bxe3 15. Qxe3 d4 16. Qd2 dxc3 17. Qxc3 Rc8 18. hxg6 fxg6 19. Qe5 c4 20. Be2
cxd3 21. Bxd3 Qb6+ 22. Rf2 Qc5 23. Qxc5 Rxc5 24. Rd1 a5 25. g4 g5 26. f5
Nc6 27. Bc4 Rxc4 28. Rxd7 Rxe4 29. f6 Rxg4+ 30. Kh2 Rf4 31. Rg7+ Kh8 32.
Rd2 Ne5 33. Rxg5 Nf3+ 34. Kg3 R4xf6 0-1

[Event "98th ch-GBR"]
[Site "Sheffield ENG"]
[Date "2011.07.28"]
[Round "4"]
[White "Sreeves,C"]
[Black "Hawkins,Jo"]
[Result "0-1"]
[WhiteElo "2169"]
[BlackElo "2457"]
[EventDate "2011.07.25"]

1. e4 e5 2. Nf3 d6 3. d4 exd4 4. Qxd4 a6 5. Bg5 Nc6 6. Qd2 Be7 7. Bxe7 Qxe7
8. Nc3 Nf6 9. O-O-O O-O 10. Nd5 Nxd5 11. exd5 Ne5 12. Nxe5 dxe5 13. d6 cxd6
14. Qxd6 Qg5+ 15. Qd2 Qg4 16. Bd3 Qa4 17. a3 e4 18. Qf4 f5 19. f3 b5 20.
fxe4 Bb7 21. Qc7 Bxe4 22. Bxe4 Rac8 23. Bd5+ Kh8 24. Bb3 Qxb3 25. cxb3
Rxc7+ 26. Kb1 g6 27. Rd6 Re8 28. Rd2 Kg7 29. Rc1 Rxc1+ 30. Kxc1 Kf6 31. Kd1
Re6 32. Rd7 h5 33. Kd2 f4 34. Rd5 g5 35. h4 g4 36. Rxh5 Re3 37. Rh8 Kg7 38.
Ra8 Rg3 39. Ra7+ Kg6 40. Rxa6+ Kh5 41. Re6 Rxg2+ 42. Re2 f3 0-1

[Event "98th ch-GBR"]
[Site "Sheffield ENG"]
[Date "2011.07.28"]
[Round "4"]
[White "Hunt,A"]
[Black "Holland,J"]
[Result "1-0"]
[WhiteElo "2436"]
[BlackElo "2196"]
[EventDate "2011.07.25"]

1. e4 c5 2. Nf3 d6 3. d4 cxd4 4. Nxd4 Nf6 5. Nc3 g6 6. Be3 Bg7 7. f3 Nc6 8.
Qd2 O-O 9. O-O-O d5 10. exd5 Nxd5 11. Nxc6 bxc6 12. Bd4 Nxc3 13. Qxc3 Bh6+
14. Be3 Bxe3+ 15. Qxe3 Qb6 16. Qxe7 Be6 17. Qa3 Rad8 18. Bd3 Rd5 19. Rhe1
Ra5 20. Qc3 Rxa2 21. b3 Ra5 22. Kb2 Rd5 23. Ra1 Rd4 24. Ra6 Qd8 25. Rxc6
Rd6 26. Rxd6 Qxd6 27. Qe5 Qb6 28. Re4 Qf2 29. Re2 Qb6 30. Qe3 Qc7 31. f4
Rc8 32. Qe5 Qd8 33. Re4 Qb6 34. Rd4 Qc6 35. Rd6 Qc7 36. Ra6 Qb7 37. g3 Rd8
38. Rd6 Rb8 39. Qd4 Qc7 40. Ra6 Rb6 41. Ra4 Qb7 42. Bc4 Bd7 43. Ra5 Bc6 44.
Qd8+ Kg7 45. Re5 Qd7 46. Qxd7 Bxd7 47. Re7 Rd6 48. Rxf7+ Kh6 49. Re7 Bf5
50. Bg8 g5 51. fxg5+ 1-0

[Event "98th ch-GBR"]
[Site "Sheffield ENG"]
[Date "2011.07.28"]
[Round "4"]
[White "Houska,Jo"]
[Black "Shaw,P"]
[Result "1-0"]
[WhiteElo "2418"]
[BlackElo "2162"]
[EventDate "2011.07.25"]

1. d4 d5 2. Nf3 Nf6 3. c4 c6 4. e3 Bg4 5. h3 Bxf3 6. Qxf3 e6 7. Bd3 Nbd7 8.
O-O Bd6 9. Nc3 O-O 10. Rd1 Re8 11. Bd2 dxc4 12. Bxc4 e5 13. Ne4 Bc7 14. Ng5
Rf8 15. Bb4 c5 16. dxc5 Qe7 17. Qxb7 Rab8 18. Qxc7 Rxb4 19. Bb3 h6 20. c6
hxg5 21. cxd7 Rd8 22. Rac1 Rxd7 23. Rxd7 Qxd7 24. Qxd7 Nxd7 25. Rc7 1-0

[Event "98th ch-GBR"]
[Site "Sheffield ENG"]
[Date "2011.07.28"]
[Round "4"]
[White "Ansell,S"]
[Black "Brown,Mart"]
[Result "1/2-1/2"]
[WhiteElo "2410"]
[BlackElo "2130"]
[EventDate "2011.07.25"]

1. e4 e6 2. b3 d5 3. Bb2 a6 4. exd5 exd5 5. Nf3 Nc6 6. Qe2+ Nge7 7. g3 Bf5
8. d3 Qd7 9. Bg2 O-O-O 10. Nbd2 Nb4 11. Kd1 Nbc6 12. Re1 Ng6 13. Qf1 f6 14.
a3 Bd6 15. Kc1 Rhe8 16. Rxe8 Rxe8 17. Kb1 Nge5 18. Ka2 Nxf3 19. Nxf3 Kd8
20. Re1 Rxe1 21. Qxe1 Bh3 22. Bh1 Bg4 23. Nd2 Qe6 24. Qxe6 Bxe6 25. f4 Ne7
26. Bd4 g5 27. fxg5 fxg5 28. c4 c6 29. Kb2 Nf5 30. Bf6+ Be7 31. Be5 Ne3 32.
Bd4 Nf5 1/2-1/2

[Event "98th ch-GBR"]
[Site "Sheffield ENG"]
[Date "2011.07.28"]
[Round "4"]
[White "Jones,W"]
[Black "Bates,Ri"]
[Result "0-1"]
[WhiteElo "2121"]
[BlackElo "2373"]
[EventDate "2011.07.25"]

1. e4 c5 2. Nf3 d6 3. d4 cxd4 4. Nxd4 Nf6 5. Nc3 a6 6. Bg5 e6 7. Qe2 Be7 8.
f4 h6 9. Bxf6 Bxf6 10. O-O-O Qa5 11. Qc4 O-O 12. Nb3 Qb6 13. Qd3 Rd8 14.
Be2 Nc6 15. g4 Nb4 16. Qg3 a5 17. a4 Bd7 18. e5 dxe5 19. fxe5 Bg5+ 20. Kb1
Rac8 21. Nd4 Be8 22. Ndb5 Bd2 23. h4 Bxb5 24. Bxb5 Bxc3 25. Rxd8+ Qxd8 26.
bxc3 Qd5 27. Rh2 Qa2+ 28. Kc1 Rd8 29. Bd3 Qa1+ 30. Kd2 Nxd3 31. cxd3 Qb2+
32. Kd1 Qxc3 33. Rd2 Rd5 34. g5 Qa1+ 35. Ke2 Rxe5+ 36. Kf3 Qf1+ 0-1

[Event "98th ch-GBR"]
[Site "Sheffield ENG"]
[Date "2011.07.28"]
[Round "4"]
[White "Palliser,R"]
[Black "Jones,V"]
[Result "1/2-1/2"]
[WhiteElo "2454"]
[BlackElo "2153"]
[EventDate "2011.07.25"]

1. d4 e6 2. c4 Nf6 3. Nc3 Bb4 4. f3 c5 5. d5 O-O 6. e4 Re8 7. Nge2 d6 8.
Ng3 b5 9. a3 Ba5 10. Bd2 bxc4 11. Bxc4 Ba6 12. Bxa6 Nxa6 13. dxe6 Rxe6 14.
O-O c4 15. Nce2 Bb6+ 16. Kh1 d5 17. Nf4 Re8 18. exd5 Nxd5 19. Nxd5 Qxd5 20.
Bc3 Red8 21. Qc1 Nc5 22. Qf4 Nd3 23. Qg4 Ne5 24. Qh5 f6 25. f4 Nd3 26. Qg4
Qd7 27. f5 Bd4 28. Nh5 Bxc3 29. bxc3 Qf7 30. Nf4 Nxf4 31. Rxf4 Rac8 32. Rd4
Rxd4 33. Qxd4 Qe7 34. Qd5+ Qf7 35. Qd6 Re8 36. Rb1 h5 37. h3 Kh7 38. Qd4
Re5 39. Rf1 a6 40. Rf4 Qd5 41. Qxd5 1/2-1/2

[Event "98th ch-GBR"]
[Site "Sheffield ENG"]
[Date "2011.07.28"]
[Round "4"]
[White "Salimbeni,G"]
[Black "Summerscale,A"]
[Result "0-1"]
[WhiteElo "2150"]
[BlackElo "2415"]
[EventDate "2011.07.25"]

1. e4 e6 2. d4 d5 3. Nd2 c5 4. Ngf3 Nf6 5. exd5 exd5 6. Bb5+ Bd7 7. Bxd7+
Nbxd7 8. O-O Be7 9. dxc5 Nxc5 10. Nb3 Nce4 11. Nfd4 Qd7 12. Qf3 O-O 13. Nf5
Bd8 14. Be3 g6 15. Nh6+ Kg7 16. Rfd1 Rc8 17. c3 b5 18. h3 Qb7 19. Ng4 Nxg4
20. hxg4 a5 21. a3 Kg8 22. Rd3 Bc7 23. Qd1 Rcd8 24. Qf3 Rfe8 25. Rad1 b4
26. cxb4 axb4 27. Bf4 Bb6 28. Be3 Bxe3 29. Rxe3 bxa3 30. bxa3 Qa7 31. Nd4
Qa4 32. Rb3 Rb8 33. Rxb8 Rxb8 34. Qd3 Rb2 35. Ne2 Rxe2 36. Qxe2 Nc3 0-1

[Event "98th ch-GBR"]
[Site "Sheffield ENG"]
[Date "2011.07.28"]
[Round "4"]
[White "MacQueen,C"]
[Black "Rendle,T"]
[Result "1/2-1/2"]
[WhiteElo "2139"]
[BlackElo "2386"]
[EventDate "2011.07.25"]

1. d4 f5 2. Nc3 Nf6 3. Bg5 d5 4. Bxf6 exf6 5. e3 Be6 6. Bd3 Nc6 7. a3 Qd7
8. Qf3 Ne7 9. Nge2 O-O-O 10. Nf4 Bf7 11. O-O-O Kb8 12. h3 h5 13. Kb1 Nc8
14. Nfe2 Ne7 15. Rc1 h4 16. g3 g5 17. Bb5 c6 18. Bd3 b5 19. gxh4 Rxh4 20.
Qg3+ Kb7 21. f4 Bh6 22. Ng1 Ng6 23. fxg5 Bxg5 24. Nf3 Rh5 25. Qf2 Bh6 26.
Rce1 Re8 27. Nd2 Qe7 28. Nd1 Bg5 29. Qe2 Rh4 30. Nf3 Re4 31. Bxe4 dxe4 32.
Nd2 Nh4 33. Nc3 a6 34. Rc1 Qd6 35. Na2 Qg3 36. Rhe1 Nf3 37. b3 Nxe1 38.
Rxe1 Bh5 39. Nf1 Qf3 40. Qd2 f4 41. d5 c5 1/2-1/2

[Event "98th ch-GBR"]
[Site "Sheffield ENG"]
[Date "2011.07.28"]
[Round "4"]
[White "Kolbus,D"]
[Black "Simons,M"]
[Result "1-0"]
[WhiteElo "2335"]
[BlackElo "2179"]
[EventDate "2011.07.25"]

1. c4 e5 2. Nc3 Nc6 3. Nf3 g6 4. d4 exd4 5. Nxd4 Bg7 6. Nxc6 bxc6 7. e4 d6
8. Bd3 Nf6 9. O-O O-O 10. Bg5 Qe8 11. Qd2 Nd7 12. Rae1 Rb8 13. f4 Nc5 14.
Bb1 f6 15. Bh4 Qf7 16. b3 Bd7 17. Bf2 Rfe8 18. Bxc5 dxc5 19. Na4 Bf8 20.
Qa5 Qe7 21. Qxc7 Qd8 22. Qxd8 Rbxd8 23. Kf2 Bc8 24. Rd1 Rd4 25. Rxd4 cxd4
26. c5 Ba6 27. Rc1 d3 28. Ke3 f5 29. Bxd3 Bxd3 30. Kxd3 Rxe4 31. g3 Bg7 32.
Nc3 Rd4+ 33. Kc2 Bf8 34. Na4 Kf7 35. Re1 a5 36. Re3 Bg7 37. Nb6 Bf8 38. Rc3
Ke6 39. Nc4 Bxc5 40. Nxa5 Bb4 41. Re3+ Re4 42. Rxe4+ fxe4 43. Nxc6 Bc5 44.
g4 Be3 45. h3 Bxf4 46. Nd4+ Kd5 47. Ne2 Bd6 48. Kc3 Be5+ 49. Kd2 Bf6 50.
Nc3+ Kd4 51. Nd1 Be7 52. Ke2 Ba3 53. Ne3 Be7 54. Nc4 Bf8 55. a4 Kc3 56. a5
Kxb3 57. a6 1-0

[Event "98th ch-GBR"]
[Site "Sheffield ENG"]
[Date "2011.07.28"]
[Round "4"]
[White "Beaumont,C"]
[Black "Kemp,PaulR"]
[Result "1/2-1/2"]
[WhiteElo "2313"]
[BlackElo "2114"]
[EventDate "2011.07.25"]

1. c4 e5 2. g3 Nf6 3. Bg2 c6 4. d4 exd4 5. Qxd4 Na6 6. Nf3 Bc5 7. Qe5+ Qe7
8. O-O O-O 9. Nc3 Qxe5 10. Nxe5 Bd4 11. Nd3 Bxc3 12. bxc3 d5 13. cxd5 Nxd5
14. Bd2 Nac7 15. c4 Nb6 16. Rfc1 Re8 17. Be3 Be6 18. Nc5 Bxc4 19. Nxb7 Bd5
20. Bh3 Nc4 21. Bc5 Rxe2 22. Bf1 Rb2 23. Bxc4 Rxb7 24. a4 Ne6 25. Be3 Bxc4
26. Rxc4 c5 27. Rac1 Rc8 28. Kg2 f5 29. R4c3 Rbc7 30. Rd1 Kf7 31. h4 h6 32.
h5 Kf6 33. Rd5 Rc6 34. Rc4 R8c7 35. Bd2 Nd4 36. Bc3 Ke6 37. Rd8 Ke7 38. Rd5
Ke6 39. Rd8 Ke7 1/2-1/2

[Event "98th ch-GBR"]
[Site "Sheffield ENG"]
[Date "2011.07.28"]
[Round "4"]
[White "Krzyzanowski,P"]
[Black "Constantinou,Pe"]
[Result "0-1"]
[WhiteElo "1996"]
[BlackElo "2292"]
[EventDate "2011.07.25"]

1. d4 d5 2. c4 c6 3. cxd5 cxd5 4. Nf3 Nf6 5. Nc3 a6 6. Bf4 Nc6 7. Rc1 e6 8.
Ne5 Qb6 9. Nxc6 bxc6 10. Qd2 Bb4 11. e3 Bd7 12. Bd3 c5 13. a3 cxd4 14. axb4
dxc3 15. Qxc3 O-O 16. Qc5 Qb7 17. O-O Rac8 18. Qd4 Bb5 19. Bxb5 axb5 20.
Be5 Rxc1 21. Rxc1 Rc8 22. Rxc8+ Qxc8 23. h3 Ne8 24. Qb6 f6 25. Bd4 Qc1+ 26.
Kh2 Qc7+ 27. Qxc7 Nxc7 28. f4 Ne8 29. Bc5 Kf7 30. Kg3 e5 31. Kf3 Ke6 32. g4
g6 33. e4 dxe4+ 34. Kxe4 f5+ 35. Ke3 e4 36. Kd4 Nf6 37. Ba7 Nd5 38. Kc5 e3
39. Kxb5 e2 40. Bf2 Nxf4 41. gxf5+ gxf5 42. Kc4 Ng2 43. b5 e1=Q 44. Bxe1
Nxe1 45. b6 Nf3 46. b7 Ne5+ 47. Kc5 Nd7+ 48. Kd4 Kd6 49. Ke3 Ke5 50. Kf3 f4
51. Ke2 Ke4 52. b3 f3+ 53. Kf1 Ke3 54. Ke1 f2+ 55. Kf1 Nb8 56. h4 h5 57. b4
Nd7 0-1

[Event "98th ch-GBR"]
[Site "Sheffield ENG"]
[Date "2011.07.28"]
[Round "4"]
[White "Lalic,P"]
[Black "Ross,C"]
[Result "1/2-1/2"]
[WhiteElo "1978"]
[BlackElo "2234"]
[EventDate "2011.07.25"]

1. e4 c5 2. Nf3 e6 3. c4 Nc6 4. Nc3 Nf6 5. Be2 a6 6. O-O Qc7 7. d4 cxd4 8.
Nxd4 Bb4 9. Bg5 Bxc3 10. Bxf6 gxf6 11. bxc3 Ne5 12. Qd2 h5 13. Qf4 Ke7 14.
Rae1 d6 15. Kh1 Bd7 16. Qc1 Rag8 17. f4 Nxc4 18. Bxc4 Qxc4 19. e5 Bc6 20.
Rf2 h4 21. Qa3 Qc5 22. Qxc5 dxc5 23. Nxc6+ bxc6 24. Rb2 Rb8 25. Reb1 Rxb2
26. Rxb2 fxe5 27. fxe5 Rd8 28. Kg1 Rd5 29. Rb7+ Kd8 30. Rxf7 Rxe5 31. Ra7
Re3 32. Rxa6 Rxc3 33. Rxc6 Kd7 34. Ra6 c4 35. Kf2 Rc1 36. h3 Rc3 37. Ke2
Rg3 38. Kf2 Rg8 39. Ra4 Rc8 40. Ke2 Kd6 41. Kd2 Rg8 42. Rxc4 Rxg2+ 43. Ke1
Rxa2 44. Rxh4 Ke5 45. Rb4 Kf5 46. h4 e5 47. Rc4 e4 48. Rb4 Kf4 49. Rb3 Rh2
50. h5 Rxh5 51. Ke2 Rh2+ 52. Ke1 Rg2 53. Ra3 Rb2 54. Rc3 e3 55. Rc8 Rb1+
56. Ke2 Rb2+ 57. Ke1 Rb1+ 58. Ke2 Rb2+ 1/2-1/2

[Event "98th ch-GBR"]
[Site "Sheffield ENG"]
[Date "2011.07.28"]
[Round "4"]
[White "Burnett,J"]
[Black "Magee,Ronan"]
[Result "1/2-1/2"]
[WhiteElo "2191"]
[BlackElo "1953"]
[EventDate "2011.07.25"]

1. d4 d5 2. c4 e6 3. Nc3 Be7 4. Nf3 Nf6 5. Bg5 O-O 6. e3 h6 7. Bh4 b6 8.
Bd3 Bb7 9. O-O dxc4 10. Bxc4 Ne4 11. Bg3 Nxg3 12. hxg3 Nd7 13. Qe2 c5 14.
d5 exd5 15. Nxd5 Nf6 16. Rad1 Bxd5 17. Bxd5 Nxd5 18. e4 Nc3 19. bxc3 Qc7
20. c4 Bf6 21. Rd5 Rfe8 22. Nd2 Bc3 23. f4 Bxd2 24. Rxd2 Rad8 25. Rd5 Rxd5
26. cxd5 c4 27. d6 Qxd6 28. Qxc4 Qc5+ 29. Qxc5 bxc5 30. e5 Rd8 31. Rc1 Rd5
32. Rc2 Kf8 33. Kf2 Ke7 34. Ke3 Kd7 35. Rc3 1/2-1/2